000 00724cab a2200193 4500
001 ##L133086
008 060410n2006 000 0 eng u
035 _a(Sirsi) u133086
041 0 _aeng
100 1 _aLawson, David
245 0 0 _aBack to basics
_bfacilities management
260 _c2006
490 0 _aProperty Week
_v71(14) 7 April2006, 103(1)
520 _aPresents an insight into the responsibilities, role and objectives of those who work in the facilities profession, with specific reference to the facilities management faculty at RICS.
590 _aIKA110406
650 2 4 _aROYAL INSTITUTION OF CHARTERED SURVEYORS
690 _aABOUT RICS-RICS FACULTIES-RICS FACILITIES MANAGEMENT FACULTY
942 _n0
999 _c76796
_d76796